Catalog

Record Details

Catalog Search



Addicted [DVD/videorecording] / ... Read More

Welsh, Christina,(screenwriter.). Thurber, Lucy,(screenwriter.). ... Read More

Record details

  • ISBN: 9786315813351
  • Physical Description: 1 videodisc (105 min.) : sound, color ; 4 3/4 in.
  • Publisher: [Santa Monica, California] : Lions Gate Entertainment, [2015]

Content descriptions

General Note:
Title from web page.
Based on the novel by Zane.
Originally released as a motion picture in 2014.
Special features: Through the eyes of Zane: getting intimate with the queen of erotica; Sexy talk ... Read More
Participant or Performer Note:
Sharon Leal, Boris Kodjoe, William Levy, Tyson ... Read More
Summary, etc.:
Successful businesswoman Zoe Reynard appears to ... Read More
Target Audience Note:
MPAA rating: R; for strong sexual content, nudity, ... Read More
System Details Note:
DVD, widescreen, 5.1 Dolby digital.
Language Note:
English dialogue; English or Spanish subtitles; ... Read More
Subject: Adultery > Drama.
Genre: Feature films.
Thrillers (Motion pictures)
Erotic films.
Fiction films.
Video recordings for the hearing impaired.
LDR 03694cgm a2200745Ki 4500
001175284
003LARL_NWRL_CONSORTIUM
00520150218131148.0
007vd cvaizq
008141229p20152014cau105 vleng d
020 . ‡a9786315813351
0241 . ‡a031398209140
02842. ‡a46481 ‡bLionsgate
035 . ‡a(OCoLC)898893277
037 . ‡bMidwest Tape ‡nhttp://www.midwesttapes.com
040 . ‡aTEFMT ‡beng ‡erda ‡cTEFMT ‡dTEF ‡dIMD ‡dRLS
0411 . ‡aeng ‡jeng ‡jspa ‡heng
050 4. ‡aPN1997.2 ‡b.A33 2015
08204. ‡a791.43/72 ‡223
24500. ‡aAddicted ‡h[DVD/videorecording] / ‡cLionsGate/CodeBlack Films present a LionsGate/Paul Hall production ; writer, Christina Welsh, Lucy Thurber & Cassandra Rains ; producers, Paul Hall and Charisse Nesbit ; director, Bille Woodruff.
260 . ‡a[Santa Monica, California] : ‡bLions Gate Entertainment, ‡c[2015]
300 . ‡a1 videodisc (105 min.) : ‡bsound, color ; ‡c4 3/4 in.
336 . ‡atwo-dimensional moving image ‡btdi ‡2rdacontent
337 . ‡avideo ‡bv ‡2rdamedia
338 . ‡avideodisc ‡bvd ‡2rdacarrier
344 . ‡adigital ‡boptical ‡gsurround ‡hDolby digital 5.1 ‡2rda
347 . ‡avideo file ‡bDVD video ‡2rda
538 . ‡aDVD, widescreen, 5.1 Dolby digital.
546 . ‡aEnglish dialogue; English or Spanish subtitles; closed-captioned.
5111 . ‡aSharon Leal, Boris Kodjoe, William Levy, Tyson Beckford, William Levy, Tasha Smith, Kat Graham.
500 . ‡aTitle from web page.
500 . ‡aBased on the novel by Zane.
500 . ‡aOriginally released as a motion picture in 2014.
5218 . ‡aMPAA rating: R; for strong sexual content, nudity, language and brief drug use.
520 . ‡aSuccessful businesswoman Zoe Reynard appears to have attained it all. But as perfect as everything appears from the outside, Zoe is still drawn to temptations she cannot escape or resist. As she pursues a secretive life, Zoe finds herself risking it all when she heads down a perilous path she may not survive.
500 . ‡aSpecial features: Through the eyes of Zane: getting intimate with the queen of erotica; Sexy talk with sexy men; filming addicted with the hottest men on the planet; deleted scenes.
650 0. ‡aAdultery ‡vDrama. ‡0(LARL_NWRL_CONSORTIUM)163240
655 7. ‡aFeature films. ‡2lcgft ‡0(LARL_NWRL_CONSORTIUM)175625
655 7. ‡aThrillers (Motion pictures) ‡2lcgft ‡0(LARL_NWRL_CONSORTIUM)175789
655 7. ‡aErotic films. ‡2lcgft ‡0(LARL_NWRL_CONSORTIUM)175665
655 7. ‡aFiction films. ‡2lcgft ‡0(LARL_NWRL_CONSORTIUM)175626
655 7. ‡aVideo recordings for the hearing impaired. ‡2lcgft ‡0(LARL_NWRL_CONSORTIUM)175744
7001 . ‡aWelsh, Christina, ‡escreenwriter.
7001 . ‡aThurber, Lucy, ‡escreenwriter.
7001 . ‡aRains, Cassandra, ‡escreenwriter.
7001 . ‡aHall, Paul, ‡efilm producer. ‡0(LARL_NWRL_CONSORTIUM)220381
7001 . ‡aNesbit, Charisse, ‡efilm producer.
7001 . ‡aWoodruff, Bille, ‡efilm director. ‡0(LARL_NWRL_CONSORTIUM)210824
7001 . ‡aLeal, Sharon, ‡eactor. ‡0(LARL_NWRL_CONSORTIUM)211945
7001 . ‡aKodjoe, Boris, ‡d1973- ‡eactor. ‡0(LARL_NWRL_CONSORTIUM)210691
7001 . ‡aLevy, William, ‡d1980- ‡eactor.
7001 . ‡aSmith, Tasha, ‡d1971- ‡0(LARL_NWRL_CONSORTIUM)218583
7001 . ‡aBeckford, Tyson, ‡d1971-
7001 . ‡aGraham, Katerina, ‡d1989-
7001 . ‡aLevy, William, ‡d1980-
7000 . ‡iMotion picture adaptation of (work): ‡aZane. ‡tAddicted.
7102 . ‡aCodeBlack Entertainment, ‡eproduction company. ‡0(LARL_NWRL_CONSORTIUM)210461
7102 . ‡aLions Gate Entertainment (Firm)
948 . ‡hNO HOLDINGS IN LAL - 237 OTHER HOLDINGS
994 . ‡aZ0 ‡bLAL
901 . ‡a175284 ‡bOCLC ‡c175284 ‡tbiblio

Additional Resources